| Tag |
First Indicator |
Second Indicator |
Subfields |
| LEADER |
00000cam a2200000 a 4500 |
| 001 |
in00000010556 |
| 005 |
20151007051408.0 |
| 008 |
870610c19871986enkabe b 00110 eng d |
| 010 |
|
|
|a gb 86007538
|
| 015 |
|
|
|a GB86-7538
|
| 020 |
|
|
|a 0727820818 (cased) :
|c £9.95
|
| 020 |
|
|
|a 0727821016 (pbk) :
|c £5.95
|
| 035 |
|
|
|a (OCoLC)13271735
|
| 035 |
|
|
|9 AAA2774AM
|
| 040 |
|
|
|a UKM
|c UKM
|d UtOrBLW
|
| 043 |
|
|
|a e-uk---
|
| 049 |
|
|
|a TXAM
|c [A08553868]
|
| 050 |
1 |
0 |
|a DA195
|
| 050 |
|
4 |
|a DA195
|b .M67 1987
|
| 082 |
0 |
|
|a 941.02
|2 19
|
| 100 |
1 |
|
|a Morris, Mark,
|d 1952-
|
| 245 |
1 |
0 |
|a Domesday revisited :
|b a traveller's guide /
|c Mark Morris.
|
| 264 |
|
1 |
|a London :
|b Severn House,
|c 1987
|
| 264 |
|
4 |
|c ©1986
|
| 300 |
|
|
|a 156 pages :
|b illustrations, maps, plans ;
|c 26 cm.
|
| 336 |
|
|
|a text
|b txt
|2 rdacontent
|
| 337 |
|
|
|a unmediated
|b n
|2 rdamedia
|
| 338 |
|
|
|a volume
|b nc
|2 rdacarrier
|
| 500 |
|
|
|a Includes index.
|
| 504 |
|
|
|a Bibliography: pages 153-154.
|
| 650 |
|
0 |
|a Normans
|z Great Britain.
|
| 999 |
|
|
|a MARS
|
| 999 |
f |
f |
|s 2a2c4769-ba63-373e-874c-617ad8fc0164
|i e88f76d1-c8c5-3ed2-b885-42e817d31f79
|t 0
|
| 952 |
f |
f |
|p ric
|a Texas A&M University
|b Rellis Campus
|c Joint Library Facility
|d Remote Storage
|t 0
|e DA195 .M67 1987
|h Library of Congress classification
|i unmediated -- volume
|m A14808553868
|
| 998 |
f |
f |
|a DA195 .M67 1987
|t 0
|l Remote Storage
|